MARC details
| 000 -CABECERA |
| campo de control de longitud fija |
01968nam a2200337 i 4500 |
| 003 - IDENTIFICADOR DEL NÚMERO DE CONTROL |
| campo de control |
DO-SdBNP |
| 005 - FECHA Y HORA DE LA ÚLTIMA TRANSACCIÓN |
| campo de control |
20231113104741.0 |
| 007 - CAMPO FIJO DE DESCRIPCIÓN FÍSICA--INFORMACIÓN GENERAL |
| campo de control de longitud fija |
ta |
| 008 - DATOS DE LONGITUD FIJA--INFORMACIÓN GENERAL |
| campo de control de longitud fija |
150209s2006 dr ac b 000 0 spa d |
| 020 ## - NÚMERO INTERNACIONAL ESTÁNDAR DEL LIBRO |
| Número Internacional Estándar del Libro |
9945426648 |
| 040 ## - FUENTE DE LA CATALOGACIÓN |
| Centro catalogador/agencia de origen |
DO-SdBNP |
| Lengua de catalogación |
spa |
| Centro/agencia transcriptor |
BNPHU |
| Normas de descripción |
rda |
| 082 ## - NÚMERO DE LA CLASIFICACIÓN DECIMAL DEWEY |
| Número de edición |
22 |
| Número de documento/Ítem |
P723 |
| 100 1# - ENTRADA PRINCIPAL--NOMBRE DE PERSONA |
| Nombre de persona |
Plaza Fonseca, Cristina |
| 9 (RLIN) |
84622 |
| 245 10 - MENCIÓN DE TÍTULO |
| Título |
Hablamos de Dios. : |
| Resto del título |
guía didáctica, 6to. de educación básica / |
| Mención de responsabilidad, etc. |
Cristina Plaza Fonseca, César Rollán Sánchez : ilustraciones María del Mar Ferrero |
| 264 #1 - PRODUCCIÓN, PUBLICACIÓN, DISTRIBUCIÓN, FABRICACIÓN Y COPYRIGHT |
| Producción, publicación, distribución, fabricación y copyright |
Santo Domingo : |
| Nombre del de productor, editor, distribuidor, fabricante |
SM, |
| Fecha de producción, publicación, distribución, fabricación o copyright |
2006. |
| 300 ## - DESCRIPCIÓN FÍSICA |
| Extensión |
159 páginas |
| Otras características físicas |
ilustraciones, retratos |
| Dimensiones |
28 cm. |
| 336 ## - TIPO DE CONTENIDO |
| Fuente |
rdacontent |
| Término de tipo de contenido |
texto |
| Código de tipo de contenido |
txt |
| 337 ## - TIPO DE MEDIO |
| Fuente |
rdamedia |
| Nombre/término del tipo de medio |
sin mediación |
| Código del tipo de medio |
n |
| 338 ## - TIPO DE SOPORTE |
| Fuente |
rdacarrier |
| Nombre/término del tipo de soporte |
volumen |
| Código del tipo de soporte |
nc |
| 490 1# - MENCIÓN DE SERIE |
| Mención de serie |
Educación en valores |
| 490 1# - MENCIÓN DE SERIE |
| Mención de serie |
Proyecto mundo abierto |
| 500 ## - NOTA GENERAL |
| Nota general |
Educación básica. |
| 500 ## - NOTA GENERAL |
| Nota general |
Formación integral humana y religiosa. |
| 505 0# - NOTA DE CONTENIDO CON FORMATO |
| Información miscelánea |
Proyecto y metodología : |
| Título |
Nuestra propuesta -- |
| -- |
Claves del proyecto Hablamos de Dios -- |
| -- |
Objetivos generales y criterios de evaluación -- |
| -- |
Los contenidos -- |
| -- |
Programación -- |
| -- |
Los materiales para el estudiante -- |
| -- |
Los recursos para el maestro -- |
| -- |
La unidad didáctica (estructura y proceso metodológico) / |
| Información miscelánea |
Las unidades didácticas : |
| -- |
Amarás a Dios sobre todas las cosas -- |
| Título |
La vida comunitaria de los cristianos -- |
| -- |
Los cristianos viven unidos a Dios -- |
| -- |
Las fiestas en la vida de los cristianos -- |
| -- |
Los cristianos saben perdonar -- |
| Información miscelánea |
Amarás al prójimo como a ti mismo -- |
| Título |
Ser cristiano -- |
| -- |
Cristianos en el mundo -- |
| -- |
La convivencia social -- |
| -- |
Vivir para los demás -- |
| Información miscelánea |
Te amarás a ti mismo -- |
| Título |
Una vida para hacer el bien -- |
| -- |
La experiencia de crecer -- |
| -- |
María, modelo para los cristianos -- |
| -- |
Glosario / |
| 521 ## - NOTA DE PÚBLICO DESTINATARIO |
| Nota de público destinatario |
Estudiantes de primaria. |
| 590 ## - NOTA LOCAL (RLIN) |
| Nota local |
Inventariado, 2023/ YL |
| 700 1# - PUNTO DE ACCESO ADICIONAL--NOMBRE DE PERSONA |
| Nombre de persona |
Rollán Sánchez, César |
| Término indicativo de función/relación |
autora |
| 9 (RLIN) |
56467 |
| 700 1# - PUNTO DE ACCESO ADICIONAL--NOMBRE DE PERSONA |
| Nombre de persona |
Mar ferrero, María del |
| 9 (RLIN) |
73201 |
| Término indicativo de función/relación |
ilustraciones |
| 910 ## - DATOS DE OPCIÓN DEL USUARIO (OCLC) |
| Datos de opción del usuario |
YLockward |
| 942 ## - ELEMENTOS DE PUNTO DE ACCESO ADICIONAL (KOHA) |
| Fuente del sistema de clasificación o colocación |
Dewey Decimal Classification |
| Tipo de ítem Koha |
Libro |